<?xml version="1.0" encoding="UTF-8"?>
<collection xmlns="http://www.loc.gov/MARC21/slim">
    <record>
        <controlfield tag="001">75396</controlfield>
        <controlfield tag="005">20200117221608.0</controlfield>
        <datafield tag="024" ind1="7" ind2=" ">
            <subfield code="2">doi</subfield>
            <subfield code="a">10.12706/itea.2018.015</subfield>
        </datafield>
        <datafield tag="024" ind1="8" ind2=" ">
            <subfield code="2">sideral</subfield>
            <subfield code="a">107794</subfield>
        </datafield>
        <datafield tag="037" ind1=" " ind2=" ">
            <subfield code="a">ART-2018-107794</subfield>
        </datafield>
        <datafield tag="041" ind1=" " ind2=" ">
            <subfield code="a">spa</subfield>
        </datafield>
        <datafield tag="100" ind1=" " ind2=" ">
            <subfield code="a">Gómez-Izquierdo E.</subfield>
        </datafield>
        <datafield tag="245" ind1=" " ind2=" ">
            <subfield code="a">Tolerancia a diferentes factores antinutritivos en lechones alimentados con guisantes de invierno (Pisum sativum) y alberjón (Vicia narbonensis) en la fase estárter</subfield>
        </datafield>
        <datafield tag="260" ind1=" " ind2=" ">
            <subfield code="c">2018</subfield>
        </datafield>
        <datafield tag="506" ind1="0" ind2=" ">
            <subfield code="a">Access copy available to the general public</subfield>
            <subfield code="f">Unrestricted</subfield>
        </datafield>
        <datafield tag="520" ind1="3" ind2=" ">
            <subfield code="a">Se realizaron dos ensayos para evaluar el efecto de dietas con diferentes niveles de factores antinutritivos: inhibidores de tripsina y quimotripsina (UTI, UQI respectivamente, como unidades) de guisantes de invierno y ¿Glutamyl-S-Ethenyl-Cysteine de alberjón, en el rendimiento de lechones durante el periodo estárter. En cada uno se utilizaron 192 machos castrados, híbridos Duroc x (Large-White x Landrace), con 11,23 y 11,55 kg de peso medio respectivamente, e igual diseño: cuatro tratamientos y ocho réplicas cada una de seis lechones. Los tratamientos del Ensayo 1 fueron: Control: harina de soja 47 y soja extrusionada (0,97 UTI-1,94 UQI/mg de pienso); P-CAR: soja extrusionada y guisante Cartouche (1,62 UTI-3,16 UQI/mg de pienso); P-ICE: soja extrusionada y guisante Iceberg (3,09 UTI-4,95 UQI/mg de pienso); P-LUN: soja extrusionada y guisante Luna (3,19 UTI-5,56 UQI/mg de pienso). Los lechones del tratamiento P-CAR crecieron significativamente más que el resto, con igual consumo y conversión. No hubo diferencias entre Control, P-ICE y P-LUN. El pienso del Ensayo 2 incluía diferentes niveles de alberjón: 0%, 5%, 15% y 25%, y en consecuencia de ¿Glutamyl-S-Ethenyl-Cysteine (1,52% del grano). Los lechones del tratamiento 5% comieron y crecieron más, con igual conversión que los del tratamiento 0%. El rendimiento empeoró con porcentajes del 15% o mayores. Se concluye que lechones de 40 a 61 días de vida mantienen o mejoran el rendimiento con la ingesta de inhibidores de proteasas que exceden 3,28 y 2,86 veces, UTI y UQI respectivamente, los de una dieta de soja, y que la inclusión de 5% de alberjón en el pienso aumenta el consumo y el crecimiento.

Two trials were conducted to evaluate the effect of diets with different levels of anti-nutritional factors: trypsin (TIU) and chymotrypsin (CIU) inhibitors units of peas and ¿Glutamyl-S-Ethenyl-Cysteine (GEC) of narbon vetch, in productive performance of pigs from 40 to 61 days of age. 192 barrows were used in each test, Duroc hybrid x (Large White x Landrace), with 11.23 and 11.55 kg body weight respectively, and the same experimental design: four treatments and eight replicates with six piglets in each case. In trial 1 treatments were: Control: soybean meal 47 and soybean extruded (0.97 TIU-1.94 CIU/mg feed); P-CAR: soybean extruded and pea Cartouche (1.62 TIU-3.16 CIU/mg feed); P-ICE: soybean extruded and pea Iceberg (3.09 TIU-4.95 CIU/mg feed); P-LUN: soybean extruded and pea Luna (3.19 TIU-5.56 CIU/mg feed). The piglets of P-CAR treatment grew significantly faster than the others, with the same intake and feed conversion. No significant differences between Control, P-ICE and P-LUN. In trial 2 the feedstuff had different levels of narbon vetch: 0%, 5%, 15% and 25%, and consequently of ¿Glutamyl-S-Ethenyl-Cysteine (1.52% of the grain). The piglets that consumed the treatment of 5% had higher intake and growth, and the same conversion that piglets feeding with the treatment of 0%. The performance worsened significantly with increasing 15%. We conclude that piglets in starter period maintain or improve the performance with intake of proteases inhibitors in feedstuff that exceed 3.28 (TIU) and 2.86 (CIU) times those of a control diet, and that the inclusion of 5% of narbon vetch in feedstuff increases feed intake and growth.</subfield>
        </datafield>
        <datafield tag="536" ind1=" " ind2=" ">
            <subfield code="9">info:eu-repo/grantAgreement/ES/FEDER/CDTI/IDI-2010-0284</subfield>
        </datafield>
        <datafield tag="540" ind1=" " ind2=" ">
            <subfield code="9">info:eu-repo/semantics/openAccess</subfield>
            <subfield code="a">by-nc-nd</subfield>
            <subfield code="u">http://creativecommons.org/licenses/by-nc-nd/3.0/es/</subfield>
        </datafield>
        <datafield tag="590" ind1=" " ind2=" ">
            <subfield code="a">0.346</subfield>
            <subfield code="b">2018</subfield>
        </datafield>
        <datafield tag="591" ind1=" " ind2=" ">
            <subfield code="a">AGRONOMY</subfield>
            <subfield code="b">81 / 89 = 0.91</subfield>
            <subfield code="c">2018</subfield>
            <subfield code="d">Q4</subfield>
            <subfield code="e">T3</subfield>
        </datafield>
        <datafield tag="591" ind1=" " ind2=" ">
            <subfield code="a">AGRICULTURE, DAIRY &amp; ANIMAL SCIENCE</subfield>
            <subfield code="b">53 / 61 = 0.869</subfield>
            <subfield code="c">2018</subfield>
            <subfield code="d">Q4</subfield>
            <subfield code="e">T3</subfield>
        </datafield>
        <datafield tag="592" ind1=" " ind2=" ">
            <subfield code="a">0.12</subfield>
            <subfield code="b">2018</subfield>
        </datafield>
        <datafield tag="593" ind1=" " ind2=" ">
            <subfield code="a">Agronomy and Crop Science</subfield>
            <subfield code="c">2018</subfield>
            <subfield code="d">Q4</subfield>
        </datafield>
        <datafield tag="593" ind1=" " ind2=" ">
            <subfield code="a">Veterinary (miscellaneous)</subfield>
            <subfield code="c">2018</subfield>
            <subfield code="d">Q4</subfield>
        </datafield>
        <datafield tag="593" ind1=" " ind2=" ">
            <subfield code="a">Horticulture</subfield>
            <subfield code="c">2018</subfield>
            <subfield code="d">Q4</subfield>
        </datafield>
        <datafield tag="655" ind1=" " ind2="4">
            <subfield code="a">info:eu-repo/semantics/article</subfield>
            <subfield code="v">info:eu-repo/semantics/publishedVersion</subfield>
        </datafield>
        <datafield tag="700" ind1=" " ind2=" ">
            <subfield code="a">Mercado, E. de</subfield>
        </datafield>
        <datafield tag="700" ind1=" " ind2=" ">
            <subfield code="a">Gómez-Fernández, J.</subfield>
        </datafield>
        <datafield tag="700" ind1=" " ind2=" ">
            <subfield code="a">Tomás, C.</subfield>
        </datafield>
        <datafield tag="700" ind1=" " ind2=" ">
            <subfield code="a">Guillamón, E.</subfield>
        </datafield>
        <datafield tag="700" ind1=" " ind2=" ">
            <subfield code="a">Varela, A.</subfield>
        </datafield>
        <datafield tag="700" ind1=" " ind2=" ">
            <subfield code="a">Muzquiz, M.</subfield>
        </datafield>
        <datafield tag="700" ind1=" " ind2=" ">
            <subfield code="a">Pedrosa, M.M.</subfield>
        </datafield>
        <datafield tag="700" ind1=" " ind2=" ">
            <subfield code="a">López-Nuez, P.</subfield>
        </datafield>
        <datafield tag="700" ind1=" " ind2=" ">
            <subfield code="0">(orcid)0000-0002-3005-2675</subfield>
            <subfield code="a">Latorre, M.A.</subfield>
            <subfield code="u">Universidad de Zaragoza</subfield>
        </datafield>
        <datafield tag="710" ind1="2" ind2=" ">
            <subfield code="1">2008</subfield>
            <subfield code="2">700</subfield>
            <subfield code="a">Universidad de Zaragoza</subfield>
            <subfield code="b">Dpto. Produc.Animal Cienc.Ali.</subfield>
            <subfield code="c">Área Producción Animal</subfield>
        </datafield>
        <datafield tag="773" ind1=" " ind2=" ">
            <subfield code="g">114, 3 (2018), 243-258</subfield>
            <subfield code="p">Inf. téc. econ. agrar.</subfield>
            <subfield code="t">ITEA-Informacion Tecnica Economica Agraria</subfield>
            <subfield code="x">1699-6887</subfield>
        </datafield>
        <datafield tag="856" ind1="4" ind2=" ">
            <subfield code="s">85079</subfield>
            <subfield code="u">http://zaguan.unizar.es/record/75396/files/texto_completo.pdf</subfield>
            <subfield code="y">Versión publicada</subfield>
        </datafield>
        <datafield tag="856" ind1="4" ind2=" ">
            <subfield code="s">91439</subfield>
            <subfield code="u">http://zaguan.unizar.es/record/75396/files/texto_completo.jpg?subformat=icon</subfield>
            <subfield code="x">icon</subfield>
            <subfield code="y">Versión publicada</subfield>
        </datafield>
        <datafield tag="909" ind1="C" ind2="O">
            <subfield code="o">oai:zaguan.unizar.es:75396</subfield>
            <subfield code="p">articulos</subfield>
            <subfield code="p">driver</subfield>
        </datafield>
        <datafield tag="951" ind1=" " ind2=" ">
            <subfield code="a">2020-01-17-21:47:36</subfield>
        </datafield>
        <datafield tag="980" ind1=" " ind2=" ">
            <subfield code="a">ARTICLE</subfield>
        </datafield>
    </record>

    
</collection>